Premiers of South Australia - Statistics

General Stats
  • This quiz has been taken 32 times
    27 since last reset
  • The average score is 18 of 67
Answer Stats
Years Party Answer % Correct
1967-1968 Labor Don Dunstan
100%
1970-1979 Labor Don Dunstan
100%
2022- Labor Peter Malinauskas
100%
2018-2022 Liberal Steven Marshall
100%
1887-1889 Independent Thomas Playford
100%
1890-1892 Conservatism Thomas Playford
100%
1938-1965 Liberal and Country League Thomas Playford
100%
2011-2018 Labor Jay Weatherill
83%
2002-2011 Labor Mike Rann
83%
1996-2001 Liberal John Olsen
67%
1893-1899 Liberalism Charles Kingston
50%
1979-1982 Liberal David Tonkin
50%
1982-1992 Labor John Bannon
50%
2001-2002 Liberal Rob Kerin
50%
1968-1970 Liberal and Country League Steele Hall
50%
1993-1996 Liberal Dean Brown
33%
1979-1979 Labor Des Corcoran
33%
1920-1924 Liberal Union/Liberal Federation Henry Barwell
33%
1885-1887 Independent John Downer
33%
1892-1893 Conservatism John Downer
33%
1926-1927 Labor Lionel Hill
33%
1930-1933 Labor Lionel Hill
33%
1992-1993 Labor Lynn Arnold
33%
1909-1910 Liberal and Democratic Union Archibald Peake
17%
1912-1915 Liberal Union Archibald Peake
17%
1917-1920 Liberal Union Archibald Peake
17%
1856-1857 Independent Boyle Finniss
17%
1863-1863 Independent Francis Dutton
17%
1865-1865 Independent Francis Dutton
17%
1965-1867 Labor Frank Walsh
17%
1868-1870 Independent Henry Strangways
17%
1881-1884 Independent John Bray
17%
1876-1877 Independent John Colton
17%
1884-1885 Independent John Colton
17%
1924-1926 Labor John Gunn
17%
1865-1866 Independent John Hart
17%
1868-1868 Independent John Hart
17%
1870-1871 Independent John Hart
17%
1905-1905 Conservatism Richard Butler
17%
1927-1930 Liberal Federation Richard Butler
17%
1933-1938 Liberal and Country League Richard Butler
17%
1857-1857 Independent Robert Torrens
17%
1864-1865 Independent Arthur Blyth
0%
1871-1872 Independent Arthur Blyth
0%
1873-1875 Independent Arthur Blyth
0%
1915-1917 United Labor Crawford Vaughan
0%
1892-1892 Liberalism Frederick Holder
0%
1899-1901 Liberalism Frederick Holder
0%
1861-1863 Independent George Waterhouse
0%
1863-1864 Independent Henry Ayers
0%
1865-1865 Independent Henry Ayers
0%
1867-1868 Independent Henry Ayers
0%
1868-1868 Independent Henry Ayers
0%
1872-1873 Independent Henry Ayers
0%
1866-1867 Independent James Boucaut
0%
1875-1876 Independent James Boucaut
0%
1877-1878 Independent James Boucaut
0%
1857-1857 Independent John Baker
0%
1889-1890 Liberalism John Cockburn
0%
1901-1905 Liberalism John Jenkins
0%
1910-1912 United Labor John Verran
0%
1857-1860 Independent Richard Hanson
0%
1933-1933 Labor Robert Richards
0%
1905-1909 United Labor Thomas Price
0%
1860-1861 Independent Thomas Reynolds
0%
1899-1899 Conservatism Vaiben Solomon
0%
1878-1881 Independent William Morgan
0%
No matching quizzes found
Score Distribution
Percent of People with Each Score
Percentile by Number Answered
Your Score History
You have not taken this quiz since the last reset